|
|
|
|
| LEADER |
01230nam a22002777a 4500 |
| 001 |
40789 |
| 003 |
BD-DhAAL |
| 008 |
230202t2019 ii ||||| |||| 00| 0 eng d |
| 020 |
|
|
|a 9789849359975
|
| 040 |
|
|
|a BD-DhAAL
|c BD-DhAAL
|
| 041 |
|
|
|a ben
|
| 082 |
|
|
|a 891.441
|2 23
|
| 100 |
|
|
|a হাসান, আবুল
|9 53566
|
| 245 |
|
|
|a প্রেমের কবিতাসমগ্র /
|c আবুল হাসান.
|
| 246 |
|
|
|a Premer kabita samagra
|
| 260 |
|
|
|a কলকাতা :
|b কবি প্রকাশনী,
|c ২০১৯.
|
| 300 |
|
|
|a ১৬০ পৃষ্ঠা ;
|c ২২ সে.মি..
|
| 526 |
|
|
|a GenEd
|
| 541 |
|
|
|a Development Book Agency
|e 40789, 40790
|
| 650 |
|
|
|a Bengali poetry.
|
| 650 |
|
|
|a Bengali literature.
|
| 852 |
|
|
|a Ayesha Abed Library
|c General Stacks
|
| 942 |
|
|
|2 ddc
|c BK
|
| 999 |
|
|
|c 45374
|d 45374
|
| 952 |
|
|
|0 0
|1 0
|2 ddc
|4 0
|6 891_441000000000000_HAS
|7 0
|9 72953
|a SCL
|b SCL
|c GEN
|d 2023-01-15
|e Development Book Agency
|g 298.00
|l 0
|o 891.441 HAS
|p 3020040789
|r 2024-10-30
|t 1
|v 298.00
|w 2023-01-15
|y BK
|
| 952 |
|
|
|0 0
|1 0
|2 ddc
|4 0
|6 891_441000000000000_HAS
|7 0
|9 72954
|a SCL
|b SCL
|c GEN
|d 2023-01-15
|e Development Book Agency
|g 298.00
|l 3
|m 3
|o 891.441 HAS
|p 3020040790
|r 2024-10-31
|s 2024-10-22
|t 2
|v 298.00
|w 2023-01-15
|y BK
|